Statistics for Hollywood ''Golden Age'' Actors - Picture Quiz #2

Click here to take the quiz!

General Stats

  • This quiz has been taken 354 times
  • The average score is 11 of 15

Answer Stats

Answer% Correct
Marilyn Monroe
98%
Audrey Hepburn
95%
Elizabeth Taylor
87%
Marlon Brando
85%
John Wayne
81%
Fred Astaire
80%
Shirley Temple
80%
Sophia Loren
78%
Judy Garland
73%
Gregory Peck
69%
Vivien Leigh
65%
Orson Welles
64%
Rita Hayworth
59%
Henry Fonda
56%
Mae West
54%

Score Distribution

Percentile by Number Answered

Percent of People with Each Score

Your Score History

You have not taken this quiz